Az adókedvezmények alakulása a személyi jövedelemadóban

Bibliographic Details
Main Author: Kiss Gyöngyi Zsuzsanna
Other Authors: Kovácsné dr. Sipos Dr. Ágnes
Format: Final Paper
Kulcsszavak:Adókedvezmény
Személyi jövedelemadó
Adókedvezmény alakulás
Online Access:http://dolgozattar.uni-bge.hu/17300

MARC

LEADER 00000nta a2200000 i 4500
001 dolg17300
005 20190403122926.0
008 180516suuuu hu o 000 hun d
040 |a BGE Dolgozattár Repozitórium  |b hun 
041 |a hu 
100 1 |a Kiss Gyöngyi Zsuzsanna 
245 1 3 |a Az adókedvezmények alakulása a személyi jövedelemadóban  |c Kiss Gyöngyi Zsuzsanna  |h [elektronikus dokumentum] 
516 |a Final_paper 
695 |a Adókedvezmény 
695 |a Személyi jövedelemadó 
695 |a Adókedvezmény alakulás 
700 1 |a Kovácsné dr. Sipos Dr. Ágnes  |e ths 
856 4 0 |u http://dolgozattar.uni-bge.hu/17300/1/KissGyZs_zarodolgozat.pdf  |z Dokumentum-elérés 
856 4 0 |u http://dolgozattar.uni-bge.hu/17300/2/KissGyZs_nyilatkozat.pdf  |z Dokumentum-elérés